[Event "EU-ch blitz (Women)"]
[Site "Monte Carlo"]
[Date "2017.10.23"]
[Round "1"]
[White "Kosteniuk, Alexandra"]
[Black "Kordzadze, Nino"]
[Result "1-0"]
[WhiteElo "2552"]
[BlackElo "1928"]
[PlyCount "80"]
[EventDate "2017.10.23"]
[EventType "swiss (blitz)"]
[EventRounds "13"]
[EventCountry "MNC"]
[SourceTitle "CBM 181 Extra"]
[Source "ChessBase"]
[SourceDate "2017.12.12"]
[SourceVersion "1"]
[SourceVersionDate "2017.12.12"]
[SourceQuality "1"]

1. e4 e5 2. Bc4 Nf6 3. d4 exd4 4. Nf3 Bb4+ 5. c3 dxc3 6. bxc3 Bc5 7. e5 d5 8.
exf6 dxc4 9. Qe2+ Be6 10. fxg7 Rg8 11. O-O Nc6 12. Rd1 Qf6 13. Be3 Bxe3 14.
Qxe3 Rxg7 15. Nbd2 O-O-O 16. Ne4 Qe7 17. Rxd8+ Qxd8 18. Qh6 Rg6 19. Qxh7 Qd3
20. Qh8+ Nd8 21. Ng3 Bd5 22. Nh4 Re6 23. h3 Qd2 24. Nhf5 Re1+ 25. Rxe1 Qxe1+
26. Kh2 Qe6 27. Qh4 Nc6 28. Qh8+ Nd8 29. Qf8 Bc6 30. Ne7+ Kd7 31. Nxc6 Nxc6 32.
h4 Qf6 33. h5 Qh4+ 34. Kg1 Qf6 35. h6 Ne7 36. h7 Ng6 37. Qc5 Qxc3 38. Qf5+ Ke7
39. Qg5+ Kf8 40. Nf5 Qe1+ 1-0

[Event "EU-ch blitz (Women)"]
[Site "Monte Carlo"]
[Date "2017.10.23"]
[Round "2"]
[White "Paasikangas Tella, Johanna"]
[Black "Kosteniuk, Alexandra"]
[Result "1/2-1/2"]
[WhiteElo "2243"]
[BlackElo "2552"]
[PlyCount "154"]
[EventDate "2017.10.23"]
[EventType "swiss (blitz)"]
[EventRounds "13"]
[EventCountry "MNC"]
[SourceTitle "CBM 181 Extra"]
[Source "ChessBase"]
[SourceDate "2017.12.12"]
[SourceVersion "1"]
[SourceVersionDate "2017.12.12"]
[SourceQuality "1"]

1. d4 Nf6 2. Nf3 e6 3. Bg5 h6 4. Bh4 g5 5. Bg3 Ne4 6. e3 d6 7. Nfd2 Nxg3 8.
hxg3 Bg7 9. Bd3 Nd7 10. c4 c5 11. Nb3 Qc7 12. Nc3 a6 13. Qe2 b6 14. d5 e5 15.
g4 Nf6 16. Bf5 Bd7 17. f4 gxf4 18. exf4 O-O-O 19. fxe5 dxe5 20. O-O-O Bxf5 21.
gxf5 e4 22. Kb1 Rhe8 23. g4 Qf4 24. Rhg1 e3 25. Nc1 Ne4 26. Nxe4 Qxe4+ 27. Qd3
Qxd3+ 28. Rxd3 Re4 29. b3 e2 30. Re1 Rde8 31. Kc2 Bf6 32. Rd2 Rxg4 33. Rdxe2
Rxe2+ 34. Nxe2 Kd7 35. Kd3 h5 36. Rh1 h4 37. Ke3 Kd6 38. Kf3 Rg8 39. Rh3 Ke5
40. Rh1 Kxf5 41. Rh3 Ke5 42. Nf4 Rg1 43. Nh5 Bg5 44. Rh2 Kf5 45. Rf2 h3 46.
Ng3+ Ke5 47. Ne2 Rh1 48. Ng3 Re1 49. Ne2 f5 50. Rh2 Rf1+ 51. Kg3 f4+ 52. Kg4
Be7 53. Rxh3 Rf2 54. Nc3 Rg2+ 55. Kf3 Rc2 56. Ne2 Rxa2 57. Rh5+ Kf6 58. Nxf4 b5
59. Rh6+ Kf5 60. Rh5+ Kf6 61. Rh6+ Kf5 62. cxb5 axb5 63. Rb6 c4 64. bxc4 bxc4
65. Ne2 Ra3+ 66. Kg2 Bf6 67. Rc6 c3 68. d6 Ra2 69. Kf3 c2 70. Ng3+ Ke6 71. Ne4
Be5 72. Ke3 Kd7 73. Rc7+ Kd8 74. Rc4 Kd7 75. Kd3 Bxd6 76. Nxd6 Kxd6 77. Rxc2
Ke5 1/2-1/2

[Event "EU-ch blitz (Women)"]
[Site "Monte Carlo"]
[Date "2017.10.23"]
[Round "3"]
[White "Kosteniuk, Alexandra"]
[Black "Szczepkowska, Karina"]
[Result "1-0"]
[WhiteElo "2552"]
[BlackElo "2406"]
[PlyCount "71"]
[EventDate "2017.10.23"]
[EventType "swiss (blitz)"]
[EventRounds "13"]
[EventCountry "MNC"]
[SourceTitle "CBM 181 Extra"]
[Source "ChessBase"]
[SourceDate "2017.12.12"]
[SourceVersion "1"]
[SourceVersionDate "2017.12.12"]
[SourceQuality "1"]

1. e4 e5 2. Bc4 Nc6 3. Nf3 Nf6 4. d3 Be7 5. O-O O-O 6. Re1 d6 7. a4 Na5 8. Ba2
c5 9. c3 Nc6 10. Na3 Be6 11. Nc4 h6 12. Bd2 Qd7 13. b4 cxb4 14. cxb4 Bg4 15.
Ne3 Bh5 16. Nf5 Bg6 17. b5 Nd8 18. Nxe7+ Qxe7 19. Nh4 Bh7 20. Nf5 Qd7 21. Qf3
Ne8 22. d4 Kh8 23. dxe5 dxe5 24. Bb4 Rg8 25. Ne7 Ne6 26. Qxf7 Nf8 27. Rad1 Qg4
28. Nxg8 Ng6 29. Ne7 Nf6 30. f3 Qg5 31. Nxg6+ Bxg6 32. Qxb7 Re8 33. Bd2 Qh4 34.
Qxa7 Nh5 35. Qf2 Qf6 36. b6 1-0

[Event "EU-ch blitz (Women)"]
[Site "Monte Carlo"]
[Date "2017.10.23"]
[Round "4"]
[White "Haussernot, Cecile"]
[Black "Kosteniuk, Alexandra"]
[Result "1-0"]
[WhiteElo "2169"]
[BlackElo "2552"]
[PlyCount "73"]
[EventDate "2017.10.23"]
[EventType "swiss (blitz)"]
[EventRounds "13"]
[EventCountry "MNC"]
[SourceTitle "CBM 181 Extra"]
[Source "ChessBase"]
[SourceDate "2017.12.12"]
[SourceVersion "1"]
[SourceVersionDate "2017.12.12"]
[SourceQuality "1"]

1. e4 c5 2. Nf3 e6 3. d4 cxd4 4. Nxd4 Nc6 5. Nc3 Nf6 6. Be3 Bb4 7. Bd3 d5 8.
Nxc6 bxc6 9. e5 d4 10. exf6 dxe3 11. O-O exf2+ 12. Kh1 Bxc3 13. bxc3 Qxf6 14.
Qd2 O-O 15. Rxf2 Qh6 16. Qe2 f5 17. Bc4 Rb8 18. Qe5 Rb7 19. Rxf5 Rxf5 20. Qxf5
Qf6 21. Qe4 Rf7 22. Qxc6 Rf8 23. h3 Qe5 24. Rd1 h6 25. a4 Kh8 26. Bb3 Qe2 27.
Qd6 Rf5 28. Rd2 Qe1+ 29. Kh2 Kh7 30. Bc4 Bb7 31. Bd3 Be4 32. Re2 Qxe2 33. Bxe2
Rf2 34. Bf1 Rxf1 35. Qxe6 Bxc2 36. Qe2 Rc1 37. Qd2 1-0

[Event "EU-ch blitz (Women)"]
[Site "Monte Carlo"]
[Date "2017.10.23"]
[Round "5"]
[White "Kosteniuk, Alexandra"]
[Black "Dornbusch, Tatiana"]
[Result "1-0"]
[WhiteElo "2552"]
[BlackElo "2302"]
[PlyCount "51"]
[EventDate "2017.10.23"]
[EventType "swiss (blitz)"]
[EventRounds "13"]
[EventCountry "MNC"]
[SourceTitle "CBM 181 Extra"]
[Source "ChessBase"]
[SourceDate "2017.12.12"]
[SourceVersion "1"]
[SourceVersionDate "2017.12.12"]
[SourceQuality "1"]

1. e4 e5 2. Bc4 Nf6 3. d4 Nxe4 4. dxe5 Nc5 5. Nf3 Be7 6. O-O O-O 7. Nc3 d6 8.
exd6 Bxd6 9. Bg5 Be7 10. Qxd8 Bxd8 11. Bxd8 Rxd8 12. Rad1 Rxd1 13. Rxd1 Nc6 14.
Nb5 Bg4 15. Nxc7 Rc8 16. Nd5 Bxf3 17. gxf3 Kf8 18. c3 Ne5 19. Be2 Na4 20. f4
Ng6 21. Rd4 Nc5 22. Rc4 Rc6 23. Nb4 Rc8 24. Nd3 b6 25. b4 b5 26. Rxc5 1-0

[Event "EU-ch blitz (Women)"]
[Site "Monte Carlo"]
[Date "2017.10.23"]
[Round "7"]
[White "Kosteniuk, Alexandra"]
[Black "Savina, Anastasia"]
[Result "1-0"]
[WhiteElo "2552"]
[BlackElo "2350"]
[PlyCount "113"]
[EventDate "2017.10.23"]
[EventType "swiss (blitz)"]
[EventRounds "13"]
[EventCountry "MNC"]
[SourceTitle "CBM 181 Extra"]
[Source "ChessBase"]
[SourceDate "2017.12.12"]
[SourceVersion "1"]
[SourceVersionDate "2017.12.12"]
[SourceQuality "1"]

1. e4 d6 2. d4 Nf6 3. Nc3 e5 4. dxe5 dxe5 5. Qxd8+ Kxd8 6. Bc4 Be6 7. Bxe6 fxe6
8. Be3 Bb4 9. O-O-O+ Ke7 10. Nge2 Nbd7 11. f3 c6 12. Nb1 b5 13. c3 Bd6 14. g4
Rhf8 15. Nd2 a5 16. Ng3 Bc5 17. Bxc5+ Nxc5 18. Kc2 a4 19. h4 Rad8 20. g5 Nfd7
21. Rdf1 Nb6 22. Rh2 Nd3 23. Nh1 Rf4 24. Nf2 Nxf2 25. Rfxf2 Rdf8 26. Kd3 h5 27.
gxh6 gxh6 28. Ke2 Rg8 29. Nf1 Nc4 30. b3 axb3 31. axb3 Na5 32. Nd2 Nb7 33. h5
Nc5 34. Rf1 Rg5 35. Ra1 Rf7 36. Ra8 Kf6 37. Rc8 Ra7 38. Rxc6 Nd7 39. Rd6 Ke7
40. Rc6 Ra2 41. Ke3 Rg1 42. c4 bxc4 43. Rxc4 Re1+ 44. Re2 Rh1 45. Rc7 Rxh5 46.
Nc4 Rxe2+ 47. Kxe2 Rh2+ 48. Ke3 Kd8 49. Ra7 h5 50. b4 h4 51. b5 h3 52. b6 Nxb6
53. Nxb6 Rb2 54. Nc4 h2 55. Rh7 Rc2 56. Nxe5 Ke8 57. Ng4 1-0

[Event "EU-ch blitz (Women)"]
[Site "Monte Carlo"]
[Date "2017.10.23"]
[Round "8"]
[White "Lagno, Kateryna"]
[Black "Kosteniuk, Alexandra"]
[Result "0-1"]
[WhiteElo "2541"]
[BlackElo "2552"]
[PlyCount "98"]
[EventDate "2017.10.23"]
[EventType "swiss (blitz)"]
[EventRounds "13"]
[EventCountry "MNC"]
[SourceTitle "CBM 181 Extra"]
[Source "ChessBase"]
[SourceDate "2017.12.12"]
[SourceVersion "1"]
[SourceVersionDate "2017.12.12"]
[SourceQuality "1"]

1. e4 c5 2. Nf3 Nc6 3. d4 cxd4 4. Nxd4 Nf6 5. Nc3 d6 6. Bg5 e6 7. Qd3 Bd7 8.
O-O-O a6 9. Nxc6 Bxc6 10. Qg3 h6 11. Qh3 Qa5 12. Bxf6 gxf6 13. Kb1 h5 14. Bc4
Bd7 15. f4 b5 16. Bb3 b4 17. Ne2 Qc5 18. f5 e5 19. g4 a5 20. Bd5 Rc8 21. c4 Bg7
22. Ng3 hxg4 23. Qxg4 Bf8 24. Nh5 Ke7 25. Bxf7 Qe3 26. Bd5 Be8 27. Ng7 Bf7 28.
Ne6 Bh6 29. Rhe1 Qf2 30. Re2 Qb6 31. Qf3 a4 32. Rg2 b3 33. a3 Rcg8 34. Rxg8
Rxg8 35. Qf1 Be3 36. h4 Rg1 37. Qe2 Rxd1+ 38. Qxd1 Bh6 39. c5 dxc5 40. Bc4 Bxe6
41. fxe6 Qb7 42. Bd5 Qb5 43. Qf3 c4 44. Qe2 Qc5 45. Qd1 c3 46. bxc3 Qxc3 47.
Bb7 Bd2 48. Bd5 Qd3+ 49. Ka1 Bc3# 0-1

[Event "EU-ch blitz (Women)"]
[Site "Monte Carlo"]
[Date "2017.10.23"]
[Round "9"]
[White "Gunina, Valentina"]
[Black "Kosteniuk, Alexandra"]
[Result "0-1"]
[WhiteElo "2502"]
[BlackElo "2552"]
[PlyCount "188"]
[EventDate "2017.10.23"]
[EventType "swiss (blitz)"]
[EventRounds "13"]
[EventCountry "MNC"]
[SourceTitle "CBM 181 Extra"]
[Source "ChessBase"]
[SourceDate "2017.12.12"]
[SourceVersion "1"]
[SourceVersionDate "2017.12.12"]
[SourceQuality "1"]

1. d4 Nf6 2. c4 e6 3. Nf3 b6 4. g3 Bb7 5. Bg2 Be7 6. O-O O-O 7. Nc3 Ne4 8. Bd2
d5 9. Qc2 Nxc3 10. Bxc3 Nd7 11. cxd5 exd5 12. Bd2 c5 13. dxc5 bxc5 14. Bf4 Qb6
15. Rfd1 h6 16. Nd2 Nf6 17. e4 Nxe4 18. Nxe4 dxe4 19. Bxe4 Bxe4 20. Qxe4 Bf6
21. Rab1 Rfe8 22. Qf3 Bd4 23. b3 Rad8 24. Re1 Qa5 25. Re2 Re6 26. Rxe6 fxe6 27.
Qe2 e5 28. Bxe5 Bxe5 29. Qxe5 Qxa2 30. Qe6+ Kh8 31. Rc1 Rf8 32. Qe3 Rf5 33.
Qe8+ Kh7 34. Qe3 Qb2 35. Rxc5 Rxc5 36. Qxc5 Qxb3 37. Qxa7 Qb1+ 38. Kg2 Qe4+ 39.
f3 Qe2+ 40. Qf2 Qc4 41. Qd2 Kg8 42. Qe3 Qc6 43. Qd3 Qb6 44. h4 Qb2+ 45. Kh3 Qa2
46. Qe4 Kh8 47. Kg4 Qf7 48. Qa8+ Kh7 49. Qc6 Qb3 50. Kf4 Qf7+ 51. Ke3 Qb3+ 52.
Ke4 Qb1+ 53. Kf4 Qa1 54. Qe6 Kh8 55. Kg4 Qd4+ 56. Kh3 Qd8 57. f4 Qd1 58. Qe4 h5
59. Kg2 Qd2+ 60. Kf3 Qd1+ 61. Qe2 Qd5+ 62. Kf2 Qd4+ 63. Qe3 Qb2+ 64. Kf3 Qb7+
65. Ke2 Qb2+ 66. Kd3 Qb1+ 67. Kd4 Qb6+ 68. Ke4 Qe6+ 69. Kf3 Qd5+ 70. Qe4 Qd1+
71. Kf2 Qd2+ 72. Qe2 Qd4+ 73. Kg2 Qd5+ 74. Qf3 Qa2+ 75. Kh3 Qe6+ 76. f5 Qf7 77.
Qa8+ Kh7 78. Qe4 Kh8 79. Kg2 Qa2+ 80. Kf3 Qa3+ 81. Qe3 Qa8+ 82. Kf4 Qd8 83. Qc3
Qd1 84. Ke5 Qe2+ 85. Kd6 Qa6+ 86. Ke7 Qb7+ 87. Ke6 Qe4+ 88. Kd6 Qxf5 89. Qe5
Qd3+ 90. Ke7 Qa3+ 91. Kf7 Qf3+ 92. Kg6 Qg4+ 93. Qg5 Qe6+ 94. Kxh5 Kh7 0-1

[Event "EU-ch blitz (Women)"]
[Site "Monte Carlo"]
[Date "2017.10.23"]
[Round "10"]
[White "Kosteniuk, Alexandra"]
[Black "Muzychuk, Anna"]
[Result "1-0"]
[WhiteElo "2552"]
[BlackElo "2576"]
[PlyCount "127"]
[EventDate "2017.10.23"]
[EventType "swiss (blitz)"]
[EventRounds "13"]
[EventCountry "MNC"]
[SourceTitle "CBM 181 Extra"]
[Source "ChessBase"]
[SourceDate "2017.12.12"]
[SourceVersion "1"]
[SourceVersionDate "2017.12.12"]
[SourceQuality "1"]

1. e4 e5 2. Bc4 Nc6 3. Nf3 Bc5 4. c3 Nf6 5. d3 d6 6. O-O h6 7. a4 a5 8. Na3 O-O
9. Nc2 Re8 10. Be3 Bxe3 11. Nxe3 Be6 12. Re1 Bxc4 13. Nxc4 d5 14. Ncd2 dxe4 15.
dxe4 Nd7 16. Nb3 Qe7 17. Qe2 Nc5 18. Nxc5 Qxc5 19. Qb5 Qa7 20. Rad1 Rad8 21.
Rd5 Rd6 22. Rxd6 cxd6 23. Rd1 Re6 24. Rd5 Kh7 25. Qd3 Qb6 26. Rb5 Qc7 27. Qd5
Re7 28. Nd2 Na7 29. Rxa5 Nc6 30. Rb5 Qd7 31. h3 f5 32. exf5 Qxf5 33. Qe4 g6 34.
Qxf5 gxf5 35. Rd5 Re6 36. Nc4 e4 37. Rxd6 Re7 38. Kf1 Rc7 39. Ne3 f4 40. Nd5
Rf7 41. Nf6+ Kg7 42. Nxe4 Ne5 43. Rd5 Nc4 44. b3 Nb6 45. Rd4 f3 46. gxf3 Rxf3
47. Kg2 Rf7 48. Nd6 Rc7 49. c4 Rc5 50. Ne4 Re5 51. f4 Re7 52. Kf3 Nd7 53. Nd6
Kg6 54. Nxb7 Nf6 55. Nd6 Re1 56. b4 Rb1 57. b5 Rb3+ 58. Ke2 Nh5 59. a5 Ng3+ 60.
Kd2 Ra3 61. a6 Nf1+ 62. Kc2 Ne3+ 63. Kb2 Ra5 64. Rd3 1-0

[Event "EU-ch blitz (Women)"]
[Site "Monte Carlo"]
[Date "2017.10.23"]
[Round "12"]
[White "Kosteniuk, Alexandra"]
[Black "Gaponenko, Inna"]
[Result "1/2-1/2"]
[WhiteElo "2552"]
[BlackElo "2433"]
[PlyCount "92"]
[EventDate "2017.10.23"]
[EventType "swiss (blitz)"]
[EventRounds "13"]
[EventCountry "MNC"]
[SourceTitle "CBM 181 Extra"]
[Source "ChessBase"]
[SourceDate "2017.12.12"]
[SourceVersion "1"]
[SourceVersionDate "2017.12.12"]
[SourceQuality "1"]

1. e4 c5 2. Nf3 d6 3. d4 cxd4 4. Nxd4 Nf6 5. Nc3 g6 6. Be3 Bg7 7. f3 Nc6 8. Qd2
O-O 9. O-O-O d5 10. exd5 Nxd5 11. Nxc6 bxc6 12. Bd4 e5 13. Bc5 Be6 14. Ne4 Re8
15. h4 h6 16. Bc4 Qc7 17. Bb3 a5 18. a4 Red8 19. Qf2 Rd7 20. h5 g5 21. g4 Rb8
22. Rd3 Nf4 23. Rxd7 Qxd7 24. Rd1 Qb7 25. Bd6 Rd8 26. Bxe6 Nxe6 27. Ba3 Rxd1+
28. Kxd1 Nd4 29. Nc5 Qa7 30. Qe3 Bf8 31. Qxe5 Nxf3 32. Qf5 Nd4 33. Qe5 Bg7 34.
Qe8+ Kh7 35. Qe4+ Kg8 36. Qe8+ Kh7 37. Nd7 Ne6 38. c3 Qg1+ 39. Kc2 Qg2+ 40. Kb1
Qf1+ 41. Ka2 Qc4+ 42. Ka1 Qf1+ 43. Ka2 Qc4+ 44. Kb1 Qd3+ 45. Ka1 Qf1+ 46. Ka2
Qc4+ 1/2-1/2

[Event "EU-ch blitz (Women)"]
[Site "Monte Carlo"]
[Date "2017.10.23"]
[Round "13"]
[White "Kosteniuk, Alexandra"]
[Black "Dzagnidze, Nana"]
[Result "1-0"]
[WhiteElo "2552"]
[BlackElo "2520"]
[PlyCount "145"]
[EventDate "2017.10.23"]
[EventType "swiss (blitz)"]
[EventRounds "13"]
[EventCountry "MNC"]
[SourceTitle "CBM 181 Extra"]
[Source "ChessBase"]
[SourceDate "2017.12.12"]
[SourceVersion "1"]
[SourceVersionDate "2017.12.12"]
[SourceQuality "1"]

1. e4 c5 2. Nf3 e6 3. d4 cxd4 4. Nxd4 a6 5. Bd3 Qc7 6. O-O Nf6 7. Re1 d6 8. b3
Be7 9. Bb2 O-O 10. c4 Nc6 11. Nxc6 Qxc6 12. Nd2 b6 13. Nf3 Bb7 14. Qe2 Nd7 15.
Nd4 Qc7 16. Rac1 Bf6 17. Bb1 g6 18. Nf3 Rfe8 19. Bxf6 Nxf6 20. h3 Kg7 21. Qb2
e5 22. Qd2 Rad8 23. Re3 Nd7 24. Rd1 Nc5 25. b4 Ne6 26. Rc3 Qb8 27. Qe3 Bc6 28.
Bc2 Rc8 29. Rcd3 Red8 30. Bb3 Nf4 31. R3d2 a5 32. a3 Ne6 33. Kh2 Kg8 34. g3 Kg7
35. Rd3 Qc7 36. h4 Qb7 37. Re1 axb4 38. axb4 Ra8 39. h5 Qe7 40. Kg2 b5 41. cxb5
Bxb5 42. Rc3 Qa7 43. Qd2 Nd4 44. hxg6 hxg6 45. Nxd4 Qxd4 46. Qxd4 exd4 47. Rc7
Rf8 48. Bc4 Rab8 49. Rd1 Ba4 50. Rxd4 Rxb4 51. Rxd6 Bb3 52. Bxb3 Rxb3 53. e5
Kg8 54. e6 Rbb8 55. exf7+ Kg7 56. Rcc6 Rxf7 57. Rxg6+ Kf8 58. Rcf6 Ke7 59.
Rxf7+ Kxf7 60. Rg4 Kf6 61. Ra4 Rb3 62. f3 Kg5 63. Ra5+ Kg6 64. g4 Rb4 65. Kg3
Rc4 66. Ra6+ Kg7 67. f4 Rb4 68. g5 Rb5 69. Kg4 Rb1 70. Ra7+ Kg8 71. f5 Rf1 72.
f6 Rf2 73. Kh5 1-0

[Event "Corsica Coca Cola blitz op"]
[Site "Bastia"]
[Date "2017.10.24"]
[Round "1"]
[White "Bedini, Noel"]
[Black "Kosteniuk, Alexandra"]
[Result "0-1"]
[WhiteElo "1660"]
[BlackElo "2552"]
[PlyCount "74"]
[EventDate "2017.10.24"]
[EventType "swiss (blitz)"]
[EventRounds "9"]
[EventCountry "FRA"]
[SourceTitle "CBM 181 Extra"]
[Source "ChessBase"]
[SourceDate "2017.12.12"]
[SourceVersion "1"]
[SourceVersionDate "2017.12.12"]
[SourceQuality "1"]

1. e4 c5 2. Nf3 Nc6 3. d4 cxd4 4. Nxd4 Nf6 5. Nxc6 bxc6 6. Bd3 d6 7. c4 g6 8.
O-O Bg7 9. Nc3 O-O 10. Bg5 Nd7 11. Rc1 Rb8 12. b3 Re8 13. Re1 h6 14. Be3 Kh7
15. Qf3 Ne5 16. Qe2 Nxd3 17. Qxd3 Qa5 18. Bd2 Qc7 19. Ne2 a5 20. a4 Qb6 21. Rb1
f5 22. Be3 c5 23. Nf4 fxe4 24. Qxe4 Bf5 25. Qe6 Bxe6 26. Nxe6 Bf6 27. Nf4 e6
28. Bd2 Be5 29. Nd3 Bd4 30. Nf4 Rf8 31. Re2 Rbe8 32. Rbe1 e5 33. Nd5 Qxb3 34.
Nc7 Re7 35. Nd5 Ref7 36. Rf1 Qxc4 37. Nb6 Qxe2 0-1

[Event "Corsica Coca Cola blitz op"]
[Site "Bastia"]
[Date "2017.10.24"]
[Round "2"]
[White "Kosteniuk, Alexandra"]
[Black "Agnello, Francesco Claudio"]
[Result "1-0"]
[WhiteElo "2552"]
[BlackElo "2091"]
[PlyCount "105"]
[EventDate "2017.10.24"]
[EventType "swiss (blitz)"]
[EventRounds "9"]
[EventCountry "FRA"]
[SourceTitle "CBM 181 Extra"]
[Source "ChessBase"]
[SourceDate "2017.12.12"]
[SourceVersion "1"]
[SourceVersionDate "2017.12.12"]
[SourceQuality "1"]

1. e4 c5 2. Nf3 Nc6 3. d4 cxd4 4. Nxd4 Nf6 5. Nc3 e5 6. Ndb5 d6 7. Bg5 a6 8.
Na3 b5 9. Nd5 Be7 10. Bxf6 Bxf6 11. c4 b4 12. Nc2 a5 13. Be2 O-O 14. O-O Bg5
15. Qd3 Kh8 16. Rad1 f5 17. Bf3 f4 18. Qe2 Ra7 19. b3 Raf7 20. Rd3 Nb8 21. Rfd1
Na6 22. Ne1 Nc5 23. R3d2 Be6 24. Ra1 g6 25. Qd1 h5 26. a3 bxa3 27. Rxa3 Bh4 28.
Rda2 Nb7 29. Nc3 Qb6 30. Nb5 Kh7 31. Rd2 Rd8 32. Bxh5 Kg7 33. Bg4 Bxg4 34. Qxg4
Be7 35. Ra1 Rh8 36. Qf3 Nc5 37. Rad1 Nb7 38. Nc2 Rh4 39. Nca3 g5 40. h3 Qd8 41.
Kf1 Qh8 42. Nb1 Kf6 43. N1c3 Rg7 44. Nd5+ Kf7 45. Nxe7 Kxe7 46. Nxd6 Nxd6 47.
Rxd6 g4 48. Rd7+ Kf6 49. Qd3 gxh3 50. Qd6+ Kg5 51. Qxe5+ Kh6 52. R1d6+ Kh7 53.
Qf5+ 1-0

[Event "Corsica Coca Cola blitz op"]
[Site "Bastia"]
[Date "2017.10.24"]
[Round "3"]
[White "Tomasi, Albert"]
[Black "Kosteniuk, Alexandra"]
[Result "0-1"]
[WhiteElo "2324"]
[BlackElo "2552"]
[PlyCount "70"]
[EventDate "2017.10.24"]
[EventType "swiss (blitz)"]
[EventRounds "9"]
[EventCountry "FRA"]
[SourceTitle "CBM 181 Extra"]
[Source "ChessBase"]
[SourceDate "2017.12.12"]
[SourceVersion "1"]
[SourceVersionDate "2017.12.12"]
[SourceQuality "1"]

1. e4 c5 2. Nf3 Nc6 3. d4 cxd4 4. Nxd4 Nf6 5. Nc3 d6 6. Bg5 e6 7. Qd2 a6 8. f4
h6 9. Bh4 Be7 10. O-O-O g5 11. fxg5 Nd7 12. Nf3 Nde5 13. Be2 Nxf3 14. gxf3 hxg5
15. Bg3 Ne5 16. h4 gxh4 17. f4 Nc6 18. Qe1 Bd7 19. f5 Qc7 20. f6 Bf8 21. Rxh4
Rxh4 22. Bxh4 O-O-O 23. Kb1 Ne5 24. Bg5 Bc6 25. Qg3 Nd7 26. Bh5 Nc5 27. Qe1 Rd7
28. Bf4 Qd8 29. Bg5 Qb6 30. b3 Qb4 31. Nd5 Qxe1 32. Rxe1 exd5 33. exd5 Bxd5 34.
Re8+ Rd8 35. Bxf7 Bxf7 0-1

[Event "Corsica Coca Cola blitz op"]
[Site "Bastia"]
[Date "2017.10.24"]
[Round "4"]
[White "Kosteniuk, Alexandra"]
[Black "Kirk, Ezra"]
[Result "1-0"]
[WhiteElo "2552"]
[BlackElo "2381"]
[PlyCount "113"]
[EventDate "2017.10.24"]
[EventType "swiss (blitz)"]
[EventRounds "9"]
[EventCountry "FRA"]
[SourceTitle "CBM 181 Extra"]
[Source "ChessBase"]
[SourceDate "2017.12.12"]
[SourceVersion "1"]
[SourceVersionDate "2017.12.12"]
[SourceQuality "1"]

1. e4 c5 2. Nf3 Nc6 3. d4 cxd4 4. Nxd4 g6 5. c4 Bg7 6. Nc2 Nf6 7. Nc3 O-O 8.
Be2 d6 9. O-O Nd7 10. Bd2 a5 11. Rb1 Nc5 12. f3 f5 13. exf5 Bxf5 14. g4 Bd7 15.
Be3 b6 16. Nd4 Rc8 17. a3 a4 18. Kg2 Rf7 19. Ndb5 Ne5 20. f4 Bc6+ 21. Kg3 Ned7
22. Bf3 Bxf3 23. Rxf3 Nf6 24. Bxc5 Rxc5 25. Qe2 Qc8 26. h3 Rxc4 27. Rd1 Qc6 28.
Na7 Qc5 29. Qe6 Qc7 30. Nab5 Qc8 31. Qxc8+ Rxc8 32. Re3 Nd7 33. Rde1 Kf8 34.
Re4 Nc5 35. Rc4 e5 36. Nxd6 exf4+ 37. Kf3 Rd8 38. Nxf7 Kxf7 39. Rxf4+ Kg8 40.
Rd1 Re8 41. Nxa4 Ne6 42. Rb4 Rf8+ 43. Kg2 Nf4+ 44. Rxf4 Rxf4 45. Nxb6 Bxb2 46.
a4 Bc3 47. Nd5 Rc4 48. Rc1 Rxa4 49. Nxc3 Rc4 50. Ne2 Re4 51. Kf3 Ra4 52. Rc8+
Kg7 53. Rc7+ Kg8 54. Nc3 Ra3 55. h4 Rb3 56. g5 Rb4 57. Ne4 1-0

[Event "Corsica Coca Cola blitz op"]
[Site "Bastia"]
[Date "2017.10.24"]
[Round "5"]
[White "Barseghyan, Harutyun"]
[Black "Kosteniuk, Alexandra"]
[Result "0-1"]
[WhiteElo "2478"]
[BlackElo "2552"]
[PlyCount "62"]
[EventDate "2017.10.24"]
[EventType "swiss (blitz)"]
[EventRounds "9"]
[EventCountry "FRA"]
[SourceTitle "CBM 181 Extra"]
[Source "ChessBase"]
[SourceDate "2017.12.12"]
[SourceVersion "1"]
[SourceVersionDate "2017.12.12"]
[SourceQuality "1"]

1. d4 Nf6 2. c4 e6 3. Nc3 Bb4 4. g3 O-O 5. Bg2 d5 6. Nf3 dxc4 7. O-O Nc6 8. a3
Be7 9. e4 Rb8 10. Be3 a6 11. Qe2 b5 12. Rad1 Bb7 13. Ne5 Nxe5 14. dxe5 Nd7 15.
f4 Qc8 16. g4 Rd8 17. Qf2 c5 18. f5 Nxe5 19. g5 Ng4 20. Qg3 Nxe3 21. Qxe3 exf5
22. exf5 Bxg2 23. Kxg2 Qc6+ 24. Kg1 Bf8 25. f6 Rxd1 26. Rxd1 Re8 27. Qf4 Qe6
28. Nd5 Qe2 29. Rf1 g6 30. h3 Qxb2 31. Qf3 Qe5 0-1

[Event "Corsica Coca Cola blitz op"]
[Site "Bastia"]
[Date "2017.10.24"]
[Round "6"]
[White "Kosteniuk, Alexandra"]
[Black "Onischuk, Vladimir"]
[Result "1-0"]
[WhiteElo "2552"]
[BlackElo "2623"]
[PlyCount "97"]
[EventDate "2017.10.24"]
[EventType "swiss (blitz)"]
[EventRounds "9"]
[EventCountry "FRA"]
[SourceTitle "CBM 181 Extra"]
[Source "ChessBase"]
[SourceDate "2017.12.12"]
[SourceVersion "1"]
[SourceVersionDate "2017.12.12"]
[SourceQuality "1"]

1. e4 d6 2. d4 Nf6 3. Nc3 g6 4. Be3 c6 5. Qd2 Nbd7 6. Nf3 Qa5 7. Bd3 Ng4 8. Bg5
h6 9. Bh4 e5 10. Bg3 Bg7 11. dxe5 dxe5 12. O-O Qc5 13. h3 Ngf6 14. Kh1 O-O 15.
Rae1 Nh5 16. Bh2 Qe7 17. Ne2 Nhf6 18. b4 Ne8 19. g4 b6 20. Ng3 Bb7 21. a3 Rd8
22. Qe2 c5 23. c3 Nc7 24. Qe3 b5 25. Rg1 Kh7 26. h4 a6 27. h5 Ne6 28. Ne2 g5
29. Bc2 Nf4 30. Ng3 Rc8 31. Nf5 Qe6 32. Rd1 Rfd8 33. Rd6 Qe8 34. Rgd1 Bf8 35.
R6d2 Qe6 36. Bb1 Qe8 37. Nd6 Bxd6 38. Rxd6 cxb4 39. cxb4 Nf6 40. Bxf4 Nxg4 41.
Qb6 Rxd6 42. Rxd6 gxf4 43. Qxb7 Rc1+ 44. Kg2 Rxb1 45. Rd7 Kg7 46. Nh4 Rb2 47.
Nf5+ Kf8 48. Re7 Rxf2+ 49. Kh3 1-0

[Event "Corsica Coca Cola blitz op"]
[Site "Bastia"]
[Date "2017.10.24"]
[Round "7"]
[White "Zubov, Alexander"]
[Black "Kosteniuk, Alexandra"]
[Result "1-0"]
[WhiteElo "2623"]
[BlackElo "2552"]
[PlyCount "67"]
[EventDate "2017.10.24"]
[EventType "swiss (blitz)"]
[EventRounds "9"]
[EventCountry "FRA"]
[SourceTitle "CBM 181 Extra"]
[Source "ChessBase"]
[SourceDate "2017.12.12"]
[SourceVersion "1"]
[SourceVersionDate "2017.12.12"]
[SourceQuality "1"]

1. d4 Nf6 2. c4 e6 3. Nf3 c5 4. d5 b5 5. dxe6 fxe6 6. cxb5 a6 7. bxa6 Bxa6 8.
g3 Be7 9. Bh3 O-O 10. O-O Nc6 11. Nc3 Nb4 12. Bg5 Bb7 13. Qd2 Nbd5 14. Nxd5
Bxd5 15. Qc2 Qb6 16. b3 Be4 17. Qd1 d5 18. Nd2 Bg6 19. e4 h6 20. Bh4 dxe4 21.
Nc4 Qc7 22. Bxe6+ Kh8 23. Qc2 Kh7 24. Ne3 Qe5 25. Bh3 Rfd8 26. Rad1 Rd4 27.
Bxf6 gxf6 28. a4 Rd3 29. Rxd3 exd3 30. Qc4 Rd8 31. Bf5 Bxf5 32. Qf7+ Kh8 33.
Nxf5 Bf8 34. Nh4 1-0